| 000 | 01064nas a2200337 4500 | ||
|---|---|---|---|
| 001 | BR0701048 | ||
| 003 | BR-BrBNA | ||
| 005 | 20231205110608.0 | ||
| 007 | ta | ||
| 008 | 230509b bl.|||p| |||| 00| 00por d | ||
| 040 |
_aBR-BrBNA _bpor _cBiblioteca Nacional de Agricultura |
||
| 041 | _a(Pt) | ||
| 072 | _aL02 | ||
| 100 | 1 | _aSantos, B.R.C. dos | |
| 100 | 1 | _aSilva, M.A. da | |
| 100 | 1 | _aMedeiros, R.B. de | |
| 100 | 1 | _aBlanco, C. | |
| 100 | 1 | _aSosinski, Ê. | |
| 100 | 1 | _aPillar, V. de P. | |
| 100 | 1 | _aSaibro, J.C. de | |
| 100 | 1 | _aRodrigues, R.S. | |
| 245 | 1 | _aInteração comportamento de pastejo x dinâmica de tipos funcionais em pastagem natural na Depressão Central do Rio Grande do Sul | |
| 650 | _aBOVINO | ||
| 650 | _aPASTAGEM NATURAL | ||
| 650 | _aPASTEJO ROTATIVO | ||
| 650 | _aEXIGÊNCIA NUTRICIONAL | ||
| 650 | _aRIO GRANDE DO SUL | ||
| 773 | 0 |
_tRevista Brasileira de Zootecnia (Brazil) _xISSN 1516-3598 _g(Sep-Oct 2006), v. 35(5) p. 1897-1906 _wBR0701048 |
|
| 909 |
_a202311 _bLúcia _c55 _dLúcia Elande |
||
| 942 |
_2AGRIS _n0 _cANA |
||
| 999 |
_c188095 _d188095 |
||